000 01765nam a2200325Ia 4500
001 14281
003 IT-RoPAU
008 130308s9999 xx 000 0 und d
040 _aIT-RoPAU
040 _cIT-RoPAU
041 _aITALIANO
100 _aMarx Karl
100 _gCodice Aut. SPICS: 4072
245 _aScritti sull'arte
245 _bScritti sull'arte
250 _a2a ed.
260 _aROMA/BARI
260 _bLaterza
260 _c1974 [1° Ed.:1967 - Ed.Ling.Originale:]
300 _a"240 p. (prefazione: no ; testo: 240)"
500 _aIntroduzione di Carlo Salinari Questioni Generali di Orientamento materialismo Storico Idee Universali e Classi dominanti Tradizioni Storiche Condizionamento Storico dell'arte Sviluppo Storico del Senso Artistico ruolo del Lavoro nel Processo formativo dell'arte Marxismo Volgarec Storia dell'arte e della Letteratura Tragedia Greca di Eschilo Antica Schiavitu' e Cultura Mondiale Amore Sessuale Individuale nella Letteratura Antica e Medievale Epoca del Rinascimento Dante Robinson Crusoe Diderot Rousseau Goethe Chateaubriand Thomas Carlyle Realismo di Balzac Tragedia rivoluzionaria Società Capitalistica e Suoi riflessi nell'Arte Divisione del Lavoro e Coscienza Sociale patologia Industriale Lavoro Intellettuale e Manuale nella Società Capitalistica Alienazione potenza Modificatrice del Denaro Arte e Modo di Produzione Borghese impiego del Lavoro Artistico nella Società Capitalistica Fine della classe dominante Umanesimo Socialista Arte nella Società Comunista
650 _aSAGGI DI ESTETOLOGIA
650 _eCodice materia Spics: 5111
700 _aEngels Friedrich
700 _gCodice Aut. SPICS: 6937
942 _cBK
957 _71
999 _c68767
_d68767
999 _bSI
999 _g1